Normal view
MARC view
- Mumby, Dave G
Entry Personal Name
001 - CONTROL NUMBER
- control field: 97354
003 - CONTROL NUMBER IDENTIFIER
- control field: NUST
005 - DATE AND TIME OF LATEST TRANSACTION
- control field: 20220815200629.0
008 - FIXED-LENGTH DATA ELEMENTS
- fixed length control field: 220815|| aca||aabn | a|a d
040 ## - CATALOGING SOURCE
- Original cataloging agency: NUST
- Transcribing agency: NUST
100 ## - HEADING--PERSONAL NAME
- Personal name: Mumby, Dave G
670 ## - SOURCE DATA FOUND
- Source citation: Work cat.: (NUST): Mumby, Dave G., Graduate School: winning strategies for getting in, 2012
